000
00309nam a22001217a 4500
008
170215b xxu||||| |||| 00| 0 eng d
041
_a
eng
080
_a
61
100
_a
4
101
_a
SHM
245
_a
THE AMERICAN MEDICAL GUIDE ASSOCIATION GUIDE TO YOUR FAMILY'S SYMPTOMS
_c
CLAYMAN, CH.B
942
_2
udc
_c
BK
999
_c
5521
_d
5521